000 00887nam a2200265 a 4500
001 BRL_1060
005 20190320211022.0
008 061113s1990----mx-a######---#000-0#spa-#
020 _a9686068953
041 _aspa
044 _amx
050 4 _aNK4031.T66
_b.L67 1990
100 1 _aLópez Cervantes, Gonzalo
_91307
245 1 0 _aCerámica de Tonalá, Jalisco
_bColección del Museo Regional de guadalajara
_cGonzalo López Cervantes.
260 _aMéxico
_bInstituto Nacional de Antropología e Historia
_c1990
300 _a146 p.
_bil., mapas
_c26 cm.
440 0 _aColección Fuentes
_91308
500 _aAu1173
504 _aBibliografía: p. 143-146
650 1 4 _aCerámica mexicana
_xCatálogos
_zTonalá (Jalisco)
_925708
650 1 4 _aCerámica
_xCatálogos
_zTonalá (Jalisco)
_925709
710 2 _aMuseo Regional de Guadalajara
_925710
902 _aGRL
942 _2lcc
_cB
999 _c9872
_d9872